书目信息 |
| 题名: |
珊瑚增殖与生态修复
|
|
| 作者: | 李洪武 , 李仕平 , 柏程华 著 | |
| 分册: | ||
| 出版信息: | 合肥 中国科学技术大学出版社 2017 |
|
| 页数: | 188页 | |
| 开本: | 24cm | |
| 丛书名: | ||
| 单 册: | ||
| 中图分类: | Q959.133 , Q959 | |
| 科图分类: | ||
| 主题词: | 珊瑚虫纲--研究 | |
| 电子资源: | ||
| ISBN: | 978-7-312-04257-7 | |
| 000 | 01043nam0 2200265 450 | |
| 001 | 2358967830 | |
| 005 | 20231205162338.68 | |
| 010 | @a978-7-312-04257-7@dCNY50.00 | |
| 100 | @a20180312d2017 em y0chiy50 ea | |
| 101 | 0 | @achi |
| 102 | @aCN@b340000 | |
| 105 | @aak z 000yy | |
| 200 | 1 | @a珊瑚增殖与生态修复@Ashan hu zeng zhi yu sheng tai xiu fu@f李洪武, 李仕平, 柏程华等著 |
| 210 | @a合肥@c中国科学技术大学出版社@d2017 | |
| 215 | @a188页@c图 (部分彩图)@d24cm | |
| 300 | @a海南省教育厅高等学校科学研究重点项目 (项目编号: Hnky2016ZD-4) 海南省科技厅重点项目 (项目编号: ZDYF2016154) | |
| 330 | @a珊瑚礁生态系统是海洋三大生态系统之一, 但目前维持海洋生态系统平衡的珊瑚礁面临着急速退化的危机。本书作为大众科普读物, 目的是向渔民们宣传珊瑚知识, 让他们能够认识珊瑚, 自发地保护好珊瑚。 | |
| 606 | 0 | @a珊瑚虫纲@x研究 |
| 690 | @aQ959.133@v5 | |
| 690 | @aQ959@v4 | |
| 701 | 0 | @a李洪武@Ali hong wu@4著 |
| 701 | 0 | @a李仕平@Ali shi ping@4著 |
| 701 | 0 | @a柏程华@Abo cheng hua@4著 |
| 801 | 0 | @aCN@b湖北三新@c20180312 |
| 905 | @aZUCC@dQ959@e19 | |
| 珊瑚增殖与生态修复/李洪武, 李仕平, 柏程华等著.-合肥:中国科学技术大学出版社,2017 |
| 188页:图 (部分彩图);24cm |
| 海南省教育厅高等学校科学研究重点项目 (项目编号: Hnky2016ZD-4) 海南省科技厅重点项目 (项目编号: ZDYF2016154) |
| ISBN 978-7-312-04257-7:CNY50.00 |
| 珊瑚礁生态系统是海洋三大生态系统之一, 但目前维持海洋生态系统平衡的珊瑚礁面临着急速退化的危机。本书作为大众科普读物, 目的是向渔民们宣传珊瑚知识, 让他们能够认识珊瑚, 自发地保护好珊瑚。 |
| ● |
| 相关链接 |
|
|
|
正题名:珊瑚增殖与生态修复
索取号:Q959/19
 
预约/预借
| 序号 | 登录号 | 条形码 | 馆藏地/架位号 | 状态 | 备注 |
| 1 | 2001372085 | 2001372085 | 516书库/ [索取号:Q959/19] | 在馆 | |
| 2 | 2001372086 | 2001372086 | 516书库/ [索取号:Q959/19] | 在馆 | |
| 3 | 2001372087 | 2001372087 | 516书库/ [索取号:Q959/19] | 在馆 | |
| 4 | 2001372088 | 2001372088 | 516书库/ [索取号:Q959/19] | 在馆 | |
| 5 | 2001372089 | 2001372089 | 516书库/ [索取号:Q959/19] | 在馆 | |
| 6 | 2001372090 | 2001372090 | 516书库/ [索取号:Q959/19] | 在馆 | |
| 7 | 2001372091 | 2001372091 | 516书库/ [索取号:Q959/19] | 在馆 | |
| 8 | 2001372092 | 2001372092 | 516书库/ [索取号:Q959/19] | 在馆 | |
| 9 | 2001372093 | 2001372093 | 516书库/ [索取号:Q959/19] | 在馆 | |
| 10 | 2001372094 | 2001372094 | 516书库/ [索取号:Q959/19] | 在馆 | |
| 11 | 2001372095 | 2001372095 | 516书库/ [索取号:Q959/19] | 在馆 | |
| 12 | 2001372096 | 2001372096 | 516书库/ [索取号:Q959/19] | 在馆 | |
| 13 | 2001372097 | 2001372097 | 516书库/ [索取号:Q959/19] | 在馆 | |
| 14 | 2001372098 | 2001372098 | 516书库/ [索取号:Q959/19] | 在馆 | |
| 15 | 2001372099 | 2001372099 | 516书库/ [索取号:Q959/19] | 在馆 | |
| 16 | 2001372100 | 2001372100 | 516书库/ [索取号:Q959/19] | 在馆 | |
| 17 | 2001372101 | 2001372101 | 214主题书屋/214室1架2层2列/ [索取号:Q959/19] | 在馆 | |
| 18 | 2001372102 | 2001372102 | 214主题书屋/214室1架2层2列/ [索取号:Q959/19] | 在馆 | |
| 19 | 2001372103 | 2001372103 | 214主题书屋/214室1架2层2列/ [索取号:Q959/19] | 在馆 | |
| 20 | 2001372104 | 2001372104 | 214主题书屋/214室1架2层2列/ [索取号:Q959/19] | 在馆 | |
| 21 | 2001372105 | 2001372105 | 214主题书屋/214室1架2层2列/ [索取号:Q959/19] | 在馆 | |
| 22 | 2001372106 | 2001372106 | 214主题书屋/214室1架2层2列/ [索取号:Q959/19] | 在馆 | |
| 23 | 2001372107 | 2001372107 | 516书库/ [索取号:Q959/19] | 在馆 | |
| 24 | 2001372108 | 2001372108 | 516书库/ [索取号:Q959/19] | 在馆 | |
| 25 | 2001372109 | 2001372109 | 516书库/ [索取号:Q959/19] | 在馆 | |
| 26 | 2001372110 | 2001372110 | 516书库/ [索取号:Q959/19] | 在馆 | |
| 27 | 2001372111 | 2001372111 | 516书库/ [索取号:Q959/19] | 在馆 | |
| 28 | 2001372112 | 2001372112 | 516书库/ [索取号:Q959/19] | 在馆 | |
| 29 | 2001372113 | 2001372113 | 516书库/ [索取号:Q959/19] | 在馆 | |
| 30 | 2001372114 | 2001372114 | 516书库/ [索取号:Q959/19] | 在馆 |